MARC details
| 000 -LEADER |
| campo de control de longitud fija |
02788nam a22003017a 4500 |
| 003 - IDENTIFICADOR DE NÚMERO DE CONTROL |
| campo de control |
CoMeUDC |
| 005 - FECHA Y HORA DE LA ÚLTIMA TRANSACCIÓN |
| campo de control |
20230922173734.0 |
| 008 - DATOS DE LONGITUD FIJA--INFORMACIÓN GENERAL |
| campo de control de longitud fija |
230922b ||||| |||| 00| 0 eng d |
| 020 ## - NÚMERO INTERNACIONAL ESTÁNDAR DEL LIBRO |
| Número Internacional Estándar del Libro |
9789587972368 |
| 040 ## - FUENTE DE CATALOGACIÓN |
| Centro/agencia transcriptor |
CO-UdeC |
| Centro/agencia modificador |
CO-UdeC |
| Normas de descripción |
AARC |
| 082 ## - NÚMERO DE LA CLASIFICACIÓN DECIMAL DEWEY |
| Número de clasificación |
345.8 |
| Número de ítem |
C718 |
| 110 ## - ENTRADA PRINCIPAL--NOMBRE DE ENTIDAD CORPORATIVA |
| 9 (RLIN) |
1628 |
| Nombre de entidad corporativa o nombre de jurisdicción como elemento de entrada |
Colombia |
| 245 ## - MENCIÓN DEL TÍTULO |
| Título |
Código Penal y Código de Procedimiento Penal : ley 599 de 2000, ley 906 de 2004, ley 600 de 2000 / |
| Mención de responsabilidad, etc. |
Colombia, Legis. |
| 260 ## - PUBLICACIÓN, DISTRIBUCIÓN, ETC. |
| Lugar de publicación, distribución, etc. |
Bogotá : |
| Nombre del editor, distribuidor, etc. |
Legis, |
| Fecha de publicación, distribución, etc. |
2022. |
| 300 ## - DESCRIPCIÓN FÍSICA |
| Extensión |
410 p. ; |
| Dimensiones |
24 cm. |
| 490 ## - MENCIÓN DE SERIE |
| Mención de serie |
Colección universitaria |
| 500 ## - NOTA GENERAL |
| Nota general |
Incluye: ayudas prácticas, concordancias, índices que facilitan la consulta, clave ingreso para APP, señaladores a color. |
| 505 ## - NOTA DE CONTENIDO CON FORMATO |
| Nota de contenido con formato |
De las normas rectoras de la ley penal colombiana -- De la aplicación de la ley penal -- De la conducta punible -- De las consecuencias jurídicas de la conducta punible -- Delitos contra la vida y la integridad personal -- Delitos contra personas y bienes protegidos por el Derecho Internacional Humanitario -- Delitos contra la libertad individual y otras garantías -- Delitos contra la libertad, integridad y formación sexuales -- Delitos contra la integridad moral -- Delitos contra la familia -- Delitos contra el patrimonio económico -- De la protección de la información y de los datos -- De delitos contra el patrimonio cultural sumergido -- De los delitos contra los derechos de autor -- De los delitos contra la salud pública -- Delitos contra mecanismos de participación democrática -- Delitos contra la administración pública -- Delitos contra la eficaz y recta impartición de justicia -- Delitos contra la existencia y seguridad del Estado -- De los delitos contra el régimen constitucional y legal -- Disposiciones generales |
| 505 ## - NOTA DE CONTENIDO CON FORMATO |
| Nota de contenido con formato |
Jurisdicción y competencia -- Acción penal -- Ministerio Público -- Partes e intervinientes -- Deberes y poderes de los intevinientes en el proceso penal -- La actuación -- La indagación y la investigación -- Medios cognoscitivos en la indagación e investigación -- Formulación de la imputación -- Régimen de la libertad y su restricción -- Principio de oportunidad -- De la preclusión -- De la acusación -- Preacuerdos y negociaciones entre la fiscalía y el imputado o acusado -- Audiencia preparatoria -- Juicio oral -- Suspensiones de la audiencia del juicio oral -- Ineficacia de los actos procesales -- Ejecución de penas y medidas de seguridad -- Del procedimiento especial abreviado -- De la acción penal privada |
| 546 ## - NOTA DE IDIOMA |
| Nota de lengua/lenguaje |
Español. |
| 650 #0 - PUNTO DE ACCESO ADICIONAL DE MATERIA--TÉRMINO DE MATERIA |
| 9 (RLIN) |
835 |
| Término de materia o nombre geográfico como elemento de entrada |
Derecho penal. |
| Subdivisión geográfica |
Colombia |
| 650 #0 - PUNTO DE ACCESO ADICIONAL DE MATERIA--TÉRMINO DE MATERIA |
| 9 (RLIN) |
892 |
| Término de materia o nombre geográfico como elemento de entrada |
Procedimiento penal |
| Subdivisión geográfica |
Colombia |
| 650 #0 - PUNTO DE ACCESO ADICIONAL DE MATERIA--TÉRMINO DE MATERIA |
| 9 (RLIN) |
2331 |
| Término de materia o nombre geográfico como elemento de entrada |
Ley 599 de 2000 |
| 650 #0 - PUNTO DE ACCESO ADICIONAL DE MATERIA--TÉRMINO DE MATERIA |
| 9 (RLIN) |
2332 |
| Término de materia o nombre geográfico como elemento de entrada |
Ley 906 de 2004 |
| 650 #0 - PUNTO DE ACCESO ADICIONAL DE MATERIA--TÉRMINO DE MATERIA |
| 9 (RLIN) |
2333 |
| Término de materia o nombre geográfico como elemento de entrada |
Ley 600 de 2000 |
| 710 ## - ENTRADA AGREGADA--NOMBRE DE ENTIDAD CORPORATIVA |
| 9 (RLIN) |
216 |
| Nombre de entidad corporativa o nombre de jurisdicción como elemento de entrada |
LEGIS |
| 942 ## - ELEMENTOS DE ENTRADA SECUNDARIOS (KOHA) |
| Fuente del sistema de clasificación o colocación |
Clasificación Decimal Dewey |
| Tipo de ítem Koha |
Libros |